Most common words in English - Statistics

General Stats
  • This quiz has been taken 59 times
  • The average score is 76 of 122
Answer Stats
Hint Answer % Correct
A A
100%
I I
100%
T The
100%
B Be
96%
D Do
96%
M Me
96%
T To
96%
W Who
96%
A An
93%
G Go
93%
H He
93%
I In
93%
O On
93%
Y You
93%
A And
89%
H Her
89%
H His
89%
W When
89%
H Him
85%
I Is
85%
M My
85%
N No
85%
O Of
85%
T Then
85%
A Are
81%
A As
81%
F For
81%
I It
81%
W We
81%
W Where
81%
W Why
81%
A All
78%
C Can
78%
N Not
78%
T There
78%
W What
78%
Y Your
78%
A At
74%
H Have
74%
T Their
74%
T They
74%
C Could
70%
F From
70%
J Just
70%
O Or
70%
S She
70%
T Than
70%
T That
70%
T Too
70%
U Us
70%
B But
67%
B By
67%
H How
67%
O One
67%
S See
67%
S So
67%
W Will
67%
I If
63%
M More
63%
O Off
63%
T Take
63%
T This
63%
Y Yes
63%
E Ever
59%
G Get
59%
L Like
59%
M Most
59%
O Other
59%
S Say
59%
T Them
59%
W Which
59%
A About
56%
A After
56%
A Any
56%
D Day
56%
G Give
56%
H Here
56%
O Our
56%
T Think
56%
T Two
56%
W Was
56%
L Look
52%
O Over
52%
U Up
52%
U Use
52%
W Would
52%
B Because
48%
O Out
48%
W Were
48%
A Also
44%
C Come
44%
E Every
44%
G Good
44%
N New
44%
N Now
44%
W With
44%
A Again
41%
B Back
41%
E Even
41%
K Know
41%
L Let
41%
M Make
41%
S Some
41%
T These
41%
T Time
41%
W Want
41%
N Nothing
37%
V Very
37%
W Went
37%
O Only
33%
Y Yet
33%
F First
30%
M Much
30%
M Must
30%
T Thing
30%
W Well
30%
L Lot
26%
W Way
26%
N Nor
22%
P Please
19%
R Right
19%
Q Quite
15%
No matching quizzes found
Score Distribution
Percent of People with Each Score
Percentile by Number Answered
Your Score History
You have not taken this quiz